Dějiny umění 8 /

Enregistré dans:
Détails bibliographiques
Auteur principal: Pijoan, José (Auteur)
Format: Livre
Langue:tchèque
Publié: Praha : Odeon, 1981
Édition:1.vyd.
Sujets:
Accès en ligne:OBSAH
Tags: Ajouter un tag
Pas de tags, Soyez le premier à ajouter un tag!

MARC

LEADER 00000nam a22000003a 4500
001 stu40465
005 20150617225722.2
008 930505s1981----cs------------------cze-d
040 |a STU  |b slo 
041 0 |a cze 
044 |a cs 
080 |a 7(091)(031) 
100 1 |a Pijoan, José  |4 aut 
245 1 |a Dějiny umění 8 /  |c [aut.]José Pijoan; Zo ¨pan. kol 
250 |a 1.vyd. 
260 |a Praha :  |b Odeon,  |c 1981 
300 |a 365 s 
650 7 |a umenie  |2 stusub 
650 7 |a dejiny  |2 stusub 
650 7 |a encyklopédie  |2 stusub 
650 7 |a Encyklopédia umenia  |2 stusub 
856 4 |a https://sweb.mtf.stuba.sk/obsahy/dejiny_umeni_8_81.PDF  |u https://sweb.mtf.stuba.sk/obsahy/dejiny_umeni_8_81.PDF  |3 OBSAH 
996 |b 284M039934  |c M*2251/8-1  |l MMST  |s P  |a 0  |w stu40465_0001